Music Quiz

Random Music or Album Quiz
Score 0/23 Timer 07:00
0 Plays Today
Released % Correct
July 1968Creedence Clearwater Revival
90.5%
September 1969Green River
88.9%
July 1970Cosmo's Factory
88.9%
December 1969Willy and the Poorboys
85.7%
February 1969Bayou Country
76.2%
December 1970Pendulum
76.2%
April 1972Mardi Gras
73%
January 1976Chronicle
57.1%
December 1986Chronicle 2
34.9%
October 1980The Concert
31.7%
September 2005Greatest Hits
31.7%
September 2003Best of Creedence Clearwater Revival
28.6%
Released % Correct
October 1972Creedence Gold
27%
December 1973Live in Europe
27%
June 1973More Creedence Gold
22.2%
August 1981Creedence Country
20.6%
August 1985At the Movies
20.6%
October 1999Rollin' on the River
15.9%
October 1995Hot Stuff
14.3%
October 2001Creedence Clearwater Revival (Box Set)
11.1%
June 1998Ultimate Collection
9.5%
July 2005CCR Medley
9.5%
March 2006Absolute Originals
9.5%

You're not logged in!

Compare scores with friends on all Sporcle quizzes.
OR
Log In

Sporcle TV

Today on Sporcle TV


Watch our educational content, quiz creation guides, and fun videos on Sporcle TV.

Show Comments

Extras

Top Quizzes Today


Score Distribution

Paid Content

Your Account Isn't Verified!

In order to create a playlist on Sporcle, you need to verify the email address you used during registration. Go to your Sporcle Settings to finish the process.

Report this User

Report this user for behavior that violates our Community Guidelines.

Details: